Actas de la Primera Reunión Latinoamericana de Lingüística y Filología /

Guardado en:
Detalles Bibliográficos
Autor corporativo: Reunión Latinoamericana de Lingüística y Filología ( Viña del Mar)
Formato: Procedimiento de la conferencia Libro
Idioma:Español
Temas:
Etiquetas: Agrega una etiqueta
Sin etiquetas, Sé el primero en etiquetar este registro!

MARC

LEADER 00000nam^a2200000^a^4500
001 000063942
005 20250521000000.0
009 20260310091043.879
037 |a Acervo ITESO - Biblioteca 
041 |a ESP 
082 |a 410.  |b REU 
111 |a Reunión Latinoamericana de Lingüística y Filología (  |n 1a :  |d 1964 :  |c Viña del Mar) 
245 1 0 |a Actas de la Primera Reunión Latinoamericana de Lingüística y Filología /  |c Reunión Latinoamericana de Lingüística y Filología. 
264 |a Bogotá, Colombia :  |b Instituto Caro y Cuervo,  |c 1973 
300 |a 442 p. 
336 |a texto  |b txt  |2 rdacontenido 
337 |a sin mediación  |b n  |2 rdamedio 
338 |a volumen  |b nc  |2 rdasoporte 
649 |a XX 
650 |a Lingüística -  |x Congresos 
650 |a Filología Comparada 
650 |a Gramática 
650 |a Lenguaje y Lenguas 
910 |a Fondo General 
920 |a Impresos - Libros 
930 |a Colección General 
905 |a 101 
901 |a 0500017857  |b IT1  |c ACC  |u 20250521 
902 |a https://opac.biblio.iteso.mx/vufind/Record/000063942